| 000 | 01871cam a2200565 i 4500 | ||
|---|---|---|---|
| 001 | 5435 | ||
| 003 | KOSZ 005 | ||
| 005 | 20250402062835.0 | ||
| 008 | 241115s1992 pl a f 000 0 pol | ||
| 015 | _aUWD 1992/7669 | ||
| 020 | _a8302047503 | ||
| 035 | _a991001438699705066 | ||
| 035 | _a(PL-WaBN)b10414599-48omnis_nlop | ||
| 035 | _ab10414599 | ||
| 035 | _a(OCoLC)69531034 | ||
| 035 | _azz2003924372 | ||
| 035 | _a(PL)b0000001041459 | ||
| 035 | _a(EXLNZ-48OMNIS_NETWORK)9910442245005606 | ||
| 040 |
_aWA N _cWA N _dKOSZ 005/RW |
||
| 046 | _k1987 | ||
| 080 | _a159.922.7 | ||
| 080 | _a37.015.3 | ||
| 080 | _a(07) | ||
| 245 | 0 | 0 |
_aWprowadzenie do psychologii / _cZiemowit Włodarski, Anna Matczak. |
| 250 | _aWydanie 2 poprawione. | ||
| 260 |
_aWarszawa : _bWydawnictwa Szkolne i Pedagogiczne, _c1992. |
||
| 300 |
_a518, [1] stron : _brysunki, wykresy ; _c25 cm. |
||
| 336 |
_aTekst _btxt _2rdacontent |
||
| 337 |
_aBez urządzenia pośredniczącego _bn _2rdamedia |
||
| 338 |
_aWolumin _bnc _2rdacarrier |
||
| 380 | _aKsiążki | ||
| 380 | _aPublikacje dydaktyczne | ||
| 380 | _aPublikacje fachowe | ||
| 385 |
_mPoziom nauczania _aSzkoły wyższe |
||
| 388 | 1 | _a1901-2000 | |
| 388 | 1 | _a1989-2000 | |
| 504 | _aBibliografia na stronach 515-[519]. | ||
| 521 | 8 | _aPodręcznik dla nauczycieli. | |
| 650 | 7 |
_aPsychologia rozwojowa _2DBN |
|
| 650 | 7 |
_aPsychologia wychowawcza _2DBN |
|
| 655 | 7 |
_aPodręcznik _2DBN |
|
| 658 | _aEdukacja i pedagogika | ||
| 658 | _aPsychologia | ||
| 700 | 1 |
_aMatczak, Anna _d(1938- ) _eAutor |
|
| 700 | 1 |
_aWłodarski, Ziemowit _d(1925-2014) _eAutor |
|
| 710 | 2 |
_aWydawnictwa Szkolne i Pedagogiczne _4pbl |
|
| 856 |
_uhttps://koha.tu.koszalin.pl/cgi-bin/koha/opac-detail.pl?biblionumber=5435 _yKatalog online BPK |
||
| 942 |
_2UKD _cKS |
||
| 999 |
_c5435 _d5435 |
||